00719nam a2200229 a 4500001001000000003000900010005001700019007000300036008004100039020001800080040002500098082002200123100002900145245009100174260004500265300002100310500007000331504002800401650003200429650001300461650001500474000039305DO-SdBNP20220113095423.0ta130621s2012 dr 000 0 spa d a9789945410495 aDO-SdBNPbspacBNPHU 4222a808.51bH465o1 aHeidelman, Julio Alberto10aOratoria contemporánea :bdisfrute hablando en público /cJulio Alberto Heidelman. aSanto Domingo :bLetra Gráfica,c2012. a151 p. ;c24 cm. aIncluye datos biográficos del autor en la solapa de la cubierta aBibliografía : p. 151 aArte de hablar en público aORATORIA aRetórica